Quantifizierung und Bewertung nicht-monetärer Einflusskriterien beim Vergleich von Logistikalternativen in mittelständischen Industriebetrieben Dissertation

Salvato in:
Dettagli Bibliografici
Autore principale: Henning, Dirk
Natura: Libro
Lingua:tedesco
Pubblicazione: Dortmund Universität 1993
Edizione:1. Aufl.
Soggetti:
Tags: Aggiungi Tag
Nessun Tag, puoi essere il primo ad aggiungerne!!

MARC

LEADER 00000nam a2200000 4500
001 c012713
005 20250509100359.4
041 0 |a ger 
044 |a DE 
245 1 0 |a Quantifizierung und Bewertung nicht-monetärer Einflusskriterien beim Vergleich von Logistikalternativen in mittelständischen Industriebetrieben  |b Dissertation  |c Dirk Henning 
250 |a 1. Aufl. 
264 1 |a Dortmund  |b Universität  |c 1993 
300 |a 202 s. 
610 2 0 |a logistika 
610 2 0 |a podnik stredný 
610 2 0 |a podnik priemyselný 
610 2 0 |a rozhodovanie 
610 2 0 |a modely 
610 2 0 |a procesy rozhodovacie 
610 2 0 |a kvantifikácia 
100 1 |a Henning, Dirk